000 00430nam a2200181Ia 4500
001 713
005 20260306140538.0
008 260306t1976||||xx |||||||||||||| ||spa||
041 _aESP
082 _a142.78
_bC77
100 _aCopleston, Frederick Charles, 1907-1994
_eAUT
245 0 _aEl existencialismo
260 _c1976
300 _a219 páginas :
_c18 cm.
650 _aGEN
654 _aCHU
942 _cLIB
_dJUS
_fJUS
_2ddc
_n
999 _c713
_d713